000 00244nam a2200109Ia 4500
100 _aPhilips Modev.
942 _cBK
245 _aProject management with CPM & PERT.
260 _bVan nostand rainhold co.
082 _a658.4032
300 _a283
999 _c32276
_d32276